| 000 | 00512cam a2200193ua 4500 | ||
|---|---|---|---|
| 041 |
_aeng _h |
||
| 082 |
_a028.73432 _bHOR/AD |
||
| 100 | _aHornby, A S . | ||
| 245 |
_aAdvanced learner`s dictionary of current english / _cA S Hornby. _hTextual Documents |
||
| 250 |
_a2 / _b. |
||
| 260 |
_aLondon : _bEnglish Language Book Society , _c1968. |
||
| 300 | _a1200 ; . | ||
| 504 | _a | ||
| 700 | 1 | _aGatenby, E V . | |
| 700 | 1 | _aWakefield, H . | |
| 942 | _cBK | ||
| 999 |
_c10178 _d10178 |
||